• 首页
  • 本馆介绍
  • 公告通知
  • 最新文献
  • 馆藏检索
  • 电子资源
  • 读者导购
  • 参考咨询
  • 我的图书馆
  • 登录
  • 详细信息显示
  • 放入我的书架
  • 预约/预借图书
  • 作者相关作品
  • 分类相关作品
  • 丛书相关作品
  • 出版社相关作品

书目信息

  • 表格格式
  • 工作单格式
  • 卡片格式
题名:
教育学
    
 
作者: 时伟 主编
分册:  
出版信息: 合肥   安徽大学出版社  2021.1
页数: 377页
开本: 26cm
丛书名:
单 册:
中图分类: G620
科图分类:
主题词: 小学教育--教育学--小学教师--资格考试--教材
电子资源:
ISBN: 978-7-5664-1988-0
000 00988nam0 2200253 45
001 012001001228
005 20140820155018.0
010    @a978-7-5664-1988-0@dCNY59.00
100    @a20200702d2020 em y0chiy0110 ea
101 0  @achi
102    @aCN@b340000
105    @aa z 000yy
106    @ar
200 1  @a教育学@Ajiao yu xue@dEducation@f时伟主编@zeng
210    @a合肥@c安徽大学出版社@d2021.1
215    @a377页@c图@d26cm
300    @a并列题名:Education
330    @a本书内容分为“教育学的产生与发展”“教育的产生与发展”“教育与社会的发展”“教育与人的发展”“教育目的”“教育制度”“教师与学生”“课程”“德育”“教学”“班级管理”“教师教育研究”“教育政策与法规”等十三章内容,每一章分“名家名言”“知识体系”“正文”“知识窗”“复习思考题”“拓展阅读”等版块。
510 1  @aEducation@zeng
606 0  @a小学教育@x教育学@x小学教师@x资格考试@j教材
690    @aG620@v5
701  0 @a时伟@Ashi wei@4主编
801    @aCN@bAHXH@c20210922
905    @b1251330-4@dG620@e1571@f5
    
    教育学=Education/时伟主编.-合肥:安徽大学出版社,2021.1
    377页:图;26cm
    并列题名:Education
    
    ISBN 978-7-5664-1988-0:CNY59.00
    本书内容分为“教育学的产生与发展”“教育的产生与发展”“教育与社会的发展”“教育与人的发展”“教育目的”“教育制度”“教师与学生”“课程”“德育”“教学”“班级管理”“教师教育研究”“教育政策与法规”等十三章内容,每一章分“名家名言”“知识体系”“正文”“知识窗”“复习思考题”“拓展阅读”等版块。
●
相关链接 在E读中查询图书 在五车中查询图书 在当当中查询图书 在豆瓣中查询图书


正题名:教育学     索取号:G620/1571         预约/预借

序号 登录号 条形码 馆藏地/架位号 状态 备注
1 1251330   212513305   第一样本阅览室/ [索取号:G620/1571] 在馆    
2 1251331   212513314   教育系资料室/ [索取号:G620/1571] 在馆    
3 1251332   212513323   教育系资料室/ [索取号:G620/1571] 在馆    
4 1251333   212513332   第四借阅区/ [索取号:G620/1571] 在馆    
5 1251334   212513341   第四借阅区/ [索取号:G620/1571] 在馆    
唐山师范学院图书馆 欢迎您!
大连网信软件有限公司© 版权所有